| 000 | 00482nam a2200133 a 4500 | ||
|---|---|---|---|
| 001 | 000038797 | ||
| 005 | 20201002031356.0 | ||
| 008 | 130424s1947 dr 000 0 spa d | ||
| 040 |
_aDO-SdBNP _bspa _cBNPHU |
||
| 111 | 2 |
_aCongreso médico dominicano _n(5to : _d1947 nov. 6-8 : _cCiudad Trujillo, República Dominicana) _965101 |
|
| 245 | 0 |
_aV Congreso médico dominicano : _bmemoria. |
|
| 260 |
_aCiudad Trujillo, República Dominicana : _bArte y Cine, _c1947. |
||
| 300 |
_a562 p. ; _c23 cm. |
||
| 999 |
_c38287 _d38287 |
||